超技術産業への挑戦 : 企業未来学入門

Gespeichert in:
Bibliographische Detailangaben
1. Verfasser: 牧野昇(まきの のぼる)
Format: Buch
Sprache:Undetermined
Veröffentlicht: 東京 日刊工業新聞社 1969
Schlagworte:
Tags: Tag hinzufügen
Keine Tags, Fügen Sie den ersten Tag hinzu!
Thư viện lưu trữ: Trung tâm Học liệu Trường Đại học Cần Thơ
LEADER 00563nam a2200205Ia 4500
001 CTU_88510
008 210402s9999 xx 000 0 und d
082 |a 338.0952 
082 |b M235 
100 |a 牧野昇(まきの のぼる) 
245 0 |a 超技術産業への挑戦 : 
245 0 |b 企業未来学入門 
245 0 |c 牧野昇 
260 |a 東京 
260 |b 日刊工業新聞社 
260 |c 1969 
650 |a Economic Conditions 
650 |x Japan 
904 |i Ngoc,Hải 
980 |a Trung tâm Học liệu Trường Đại học Cần Thơ